[Event "IND-ch U15"]
[Site "Mumbai"]
[Date "2023.11.19"]
[Round "5"]
[White "Medhansh, Dinesh Poojary"]
[Black "Mayuresh, Laxlabh Desai"]
[Result "0-1"]
[WhiteElo "1132"]
[BlackElo "1432"]
[PlyCount "158"]
[EventDate "2023.11.15"]
[EventType "swiss"]
[EventRounds "7"]
[EventCountry "IND"]
[SourceTitle "CB49_2023"]
[SourceDate "2023.12.06"]
[SourceVersion "1"]
[SourceVersionDate "2023.12.06"]
[SourceQuality "1"]

1. e4 c6 2. d4 d5 3. e5 Bf5 4. Bd3 Bxd3 5. Qxd3 e6 6. Nf3 Ne7 7. Bg5 Qd7 8. Nbd2 Ng6 9. Nh4 c5 10. Nxg6 hxg6 11. c3 Nc6 12. Nf3 cxd4 13. cxd4 Nb4 14. Qe2 Be7 15. Bxe7 Qxe7 16. Qb5+ Kf8 17. 0-0 a6 18. Qe2 Nc6 19. a3 g5 20. h3 f6 21. Rad1 Re8 22. exf6 gxf6 23. Nh2 Rh4 24. Ng4 Kg7 25. f4 f5 26. Ne5 Nxe5 27. Qxe5+ Kg6 28. fxg5 Re4 29. Qh2 Qxg5 30. Rd3 Re3 31. Rdd1 Rg3 32. Rde1 Kf6 33. Rf2 Rc8 34. Rfe2 Rc6 35. h4 Qg4 36. Kh1 f4 37. Rf2 Kg6 38. Ref1 e5 39. dxe5 Rc4 40. h5+ Kh6 41. Re1 Re4 42. Rxe4 dxe4 43. e6 Qxe6 44. Rxf4 Rg5 45. Kg1 Qb6+ 46. Kf1 Qb5+ 47. Kg1 Qc5+ 48. Kf1 Qc4+ 49. Kg1 Qd4+ 50. Kf1 Rxh5 51. Rh4 Qd1+ 52. Kf2 e3+ 53. Kxe3 Qe1+ 54. Kf3 Qxh4 55. Qd6+ Kg7 56. Qc7+ Kg6 57. Qc2+ Rf5+ 58. Ke3 Qg3+ 59. Kd4 Qf2+ 60. Qxf2 Rxf2 61. b4 Ra2 62. Kc4 Rxa3 63. b5 Ra4+ 64. Kc5 axb5 65. Kxb5 Ra2 66. Kb6 Rb2+ 67. Kc7 b5 68. Kc6 Rxg2 69. Kxb5 Rc2 70. Kb4 Kf5 71. Kb3 Rc8 72. Kb4 Ke4 73. Kb5 Kd5 74. Kb6 Rc1 75. Kb7 Rc6 76. Kb8 Kc5 77. Kb7 Kb5 78. Kb8 Kb6 79. Ka8 Rc8# 0-1

[Event "IND-ch U15"]
[Site "Mumbai"]
[Date "2023.11.18"]
[Round "4"]
[White "Mayuresh, Laxlabh Desai"]
[Black "Shah, Parth2"]
[Result "1-0"]
[WhiteElo "1432"]
[BlackElo "1019"]
[PlyCount "113"]
[EventDate "2023.11.15"]
[EventType "swiss"]
[EventRounds "7"]
[EventCountry "IND"]
[SourceTitle "CB49_2023"]
[SourceDate "2023.12.06"]
[SourceVersion "1"]
[SourceVersionDate "2023.12.06"]
[SourceQuality "1"]

1. e4 d6 2. Nc3 Nf6 3. d4 g6 4. Bg5 Bg7 5. e5 Nfd7 6. exd6 cxd6 7. Nf3 Nf6 8. Be2 0-0 9. Qd2 Qb6 10. 0-0-0 Nc6 11. Bh6 Ng4 12. Bxg7 Kxg7 13. Bc4 Qb4 14. Bb3 Nf6 15. h3 Na5 16. Rde1 Nxb3+ 17. axb3 Re8 18. g4 Qa5 19. d5 b6 20. Qd4 Kg8 21. g5 Nh5 22. Re3 Ng7 23. Nh4 Rb8 24. Rhe1 Rb7 25. Ne4 Qa1+ 26. Kd2 Qa5+ 27. b4 Qb5 28. Nc3 Qd7 29. Qf4 Nh5 30. Qf3 Ng7 31. Ne4 Qb5 32. Kc1 Bd7 33. Rb3 Rc7 34. Rc3 Rxc3 35. bxc3 Qa4 36. Kd2 Bf5 37. Nxf5 Nxf5 38. Qg4 Qb5 39. Kc1 Qa4 40. h4 Ng7 41. Ng3 Qa1+ 42. Kd2 Qa4 43. h5 Qb5 44. Qe4 Qd7 45. h6 Nf5 46. Nxf5 Qxf5 47. Qxf5 gxf5 48. Ra1 Ra8 49. Ke3 f6 50. gxf6 exf6 51. Rg1+ Kh8 52. b5 Re8+ 53. Kd3 Ra8 54. Rg7 a5 55. bxa6 Rxa6 56. Rd7 b5 57. Rd8# 1-0